Statistics for Helsinki Airport Destinations

Click here to take the quiz!

General Stats

  • This quiz has been taken 450 times
  • The average score is 78 of 136

Answer Stats

CountryCity% Correct
AustriaVienna
95%
ChinaBeijing
91%
BelgiumBrussels
90%
ChinaShanghai
89%
DenmarkCopenhagen
88%
GermanyBerlin
87%
SpainMadrid
87%
BelarusMinsk
87%
SpainBarcelona
86%
United KingdomLondon
86%
RussiaMoscow
86%
Czech RepublicPrague
86%
ItalyRome
86%
EstoniaTallinn
86%
USANew York
85%
NorwayOslo
85%
SwedenStockholm
85%
JapanTokyo
85%
NetherlandsAmsterdam
84%
TurkeyIstanbul
84%
PortugalLisbon
84%
RussiaSt. Petersburg
84%
CanadaToronto
84%
GreeceAthens
83%
ThailandBangkok
83%
ItalyMilan
83%
FranceParis
83%
HungaryBudapest
82%
UAEDubai
82%
SingaporeSingapore
82%
GermanyFrankfurt
81%
GermanyMunich
81%
South KoreaSeoul
81%
PolandWarsaw
81%
IrelandDublin
80%
UkraineKiev
80%
LatviaRiga
80%
United KingdomManchester
79%
SwitzerlandZürich
79%
ChinaHong Kong
78%
IcelandReykjavik
77%
RomaniaBucharest
76%
QatarDoha
76%
IndiaDelhi
75%
USAMiami
75%
LithuaniaVilnius
75%
GermanyHamburg
74%
IsraelTel Aviv
73%
USAChicago
72%
JapanOsaka
72%
AustriaSalzburg
72%
FranceNice
71%
ItalyVenice
71%
PolandKrakow
70%
NorwayBergen
68%
ItalyNaples
67%
CroatiaSplit
67%
KazakhstanAstana
66%
GermanyDüsseldorf
66%
SwedenGothenburg
66%
SpainMálaga
66%
United KingdomEdinburgh
65%
FinlandOulu
65%
FinlandTampere
65%
FinlandTurku
64%
SwitzerlandGeneva
63%
PolandGdansk
62%
ChinaGuangzhou
62%
MaltaValletta
62%
KosovoPristina
61%
CroatiaDubrovnik
60%
USASan Francisco
60%
AustriaInnsbruck
58%
FinlandRovaniemi
58%
TurkeyAntalya
56%
TurkeyIzmir
54%
SpainPalma de Mallorca
53%
ThailandPhuket
53%
SpainTenerife
53%
SpainAlicante
50%
BulgariaVarna
49%
SpainIbiza
47%
FinlandVaasa
47%
JapanNagoya
46%
ChinaXian
45%
SpainGran Canaria
44%
LithuaniaKaunas
44%
FinlandKuopio
43%
GreeceHeraklion
42%
GreeceRhodes
42%
FinlandJoensuu
41%
CyprusLarnaca
41%
NorwayTromso
40%
GreeceKos
39%
DenmarkBillund
38%
ChinaChongqing
37%
FinlandKittilä
37%
EstoniaTartu
37%
RussiaYekaterinburg
37%
GreeceCorfu
35%
FinlandIvalo
35%
ItalyPisa
35%
FinlandPori
34%
GreeceSantorini
34%
ItalyVerona
34%
BulgariaBurgas
33%
FinlandKajaani
33%
GreeceChania
32%
IsraelEilat
32%
FinlandKemi
32%
CroatiaPula
32%
JapanFukuoka
31%
IndiaGoa
31%
FinlandKokkola
31%
ItalyCatania
30%
FinlandKuusamo
30%
SwedenUmeå
30%
TurkeyAlanya
29%
SpainMenorca
29%
GermanyHannover
28%
RussiaKazan
28%
SpainLanzarote
28%
PortugalMadeira
28%
SpainFuerteventura
26%
RussiaSamara
26%
RussiaMurmansk
24%
ThailandKrabi
23%
FinlandSavonlinna
23%
GreeceZakynthos
21%
FinlandMariehamn
20%
CyprusPafos
19%
SwedenVisby
19%
ItalyRimini
18%
TurkeyDalaman
15%
FranceBiarritz
10%
JordanAkaba
5%

Score Distribution

Percentile by Number Answered

Percent of People with Each Score

Your Score History

You have not taken this quiz